000 00225nam a2200097 a 4500
008 101022s1964|||| d
100 1 _aLewis, Sinclair
245 1 0 _aBabbitt
260 _bSVPL
_aBratislava
_c1964
020 _c20,50
999 _c11279
_d11279